Annual report,1937. (Record no. 523181)

MARC details
000 -LEADER
fixed length control field 00657nam a2200241Ia 4500
003 - CONTROL NUMBER IDENTIFIER
control field OSt
005 - DATE AND TIME OF LATEST TRANSACTION
control field 20220925192726.0
008 - FIXED-LENGTH DATA ELEMENTS--GENERAL INFORMATION
fixed length control field 220923b |||||||| |||| 00| 0 eng d
037 ## - SOURCE OF ACQUISITION
Terms of availability General Book
040 ## - CATALOGING SOURCE
Original cataloging agency RTL
Transcribing agency RTL
Language of cataloging eng
041 ## - LANGUAGE CODE
Source of code eng
Language code of text/sound track or separate title eng
110 ## - MAIN ENTRY--CORPORATE NAME
Corporate name or jurisdiction name as entry element INDIAN CHAMBER OF COMMERCE, CALCUTTA
245 #0 - TITLE STATEMENT
Title Annual report,1937.
260 ## - PUBLICATION, DISTRIBUTION, ETC.
Place of publication, distribution, etc. Calcutta
Name of publisher, distributor, etc. ICCC
Date of publication, distribution, etc. 1938
300 ## - PHYSICAL DESCRIPTION
Extent lxvi,602p.
Dimensions cm.
500 ## - GENERAL NOTE
General note Appendix:1-45p.
700 ## - ADDED ENTRY--PERSONAL NAME
Personal name INDIAN CHAMBER OF COMMERCE, CALCUTTA
942 ## - ADDED ENTRY ELEMENTS (KOHA)
Classification part X5.2.N37r, G8
Koha item type General Books
Source of classification or shelving scheme Colon Classification (CC)

No items available.

Copyright @ Delhi University Library System